Quizzes
Events
Quiz Creation
Community
Videos
Private Events
Remove Ads
Sign In
Join for FREE
Feedback
Dark Mode
Quiz Categories
Sports
Geography
Music
Movies
Television
Just For Fun
Miscellaneous
History
Literature
Language
Science
Gaming
Entertainment
Religion
Holiday
For Kids
Quiz Lab
Recent
Popular Today
Quiz Kudos Today
Editor Picks
Curator Picks
Quizzes by...
Day
Popularity
Type
Ratings
Length
Year
Community
Subscriptions
Recent Discussions
Orange Saloon
Badges
Playlists
Quests
Create
Leaderboards
Showdown
Live 5
Trivia Bingo
Activity
Puzzle Library
Sporcle Events
Private Events
Virtual Trivia
Globe League
Become a Host
Pub Owners
SporcleCon
Opinionation
Our Games
Videos
Blog
Mobile Apps
Partnerships
Remove Ads and Go Orange
Feedback
Gaming
Video Games
Board Games
Card Games
Pokémon
Mario
Nintendo
Minecraft
Console
Toys
Legend of Zelda
Gaming
Video Games
Board Games
Card Games
Pokémon
Mario
Nintendo
Minecraft
Console
Toys
Legend of Zelda
Random Quiz
Search Sporcle
×
Quiz Lab
Quiz Lab
Gaming
Video Games
Type in answers that appear in a list
Type in answers that appear in a list
Classic
Best Score? Go Orange.
Ni No Kuni Familiars Stats
Can you name the Ni No Kuni Familiars
By
russman10987
12m
77 Questions
208 Plays
208 Plays
208 Plays
Comments
Comments
Give Quiz Kudos
Give Quiz Kudos
-
- Ratings
hide this ad
More Info
Replay
Link that replays current quiz
Next Quiz
Link to next quiz in quiz playlist
You Got
0%
They Got
Avg Score
56%
Avg Friend Score
Upgrade to see
Score Distribution
Jump to the score distribution portion of the page
Score
0/77
Timer
12:00
0
Plays Today
Genus
Familiar
% Correct
Milites
Mite - Mighty Mite - Dynamite - Mermite
97.1%
Automata
Tin-Man - Iron-Man - Steam-Man - Beam-Man
81.3%
Milites
Purrloiner - Cutpurrse - Puss in Bouts - Puss in Boats
79.3%
Bestiae
Ruff - Ruffian - Gruffian - Scruffian
79.3%
Aves
Drongo - Strongo - Fluorongo - Electrongo
77.9%
Nymphae
Seed Sprite - Sprout Sprite - Sweetpea Sprite - Sugarplum Sprite
71.2%
Milites
Hurly - Burly Hurly - Hurlcules - Hurlabaloo
70.2%
Milites
Little Bighorn - Bighorn - Batterhorn - Splatterhorn
69.7%
Nymphae
Toko - Tokotoko - Tokotocold - Docotoko
68.8%
Mortui
Girlfiend - Ex-Girlfiend - Phantasma - Grandamned
68.8%
Arcana
Shonky-Honker - Sharper-Parper - Trumpy-Pumper - Honky-Tonker
68.3%
Flora
Green Buncher - Yellow Buncher - Underripe Buncher - Overripe Buncher
66.3%
Vermes
Oroboros - Chloroboros - Obscuroboros - Fluoroboros
65.4%
Mortui
Zombo - Zomboatswain - Cap'n Zombo - Mumbo Zombo
64.9%
Bestiae
Thumbelemur - Dumbelemur - Aye-Aye Sir - Aye-Aye Catcher
64.4%
Arcana
Sunshine - Grandsun - Wayward Sun - Godsun
64.4%
Minima
Turbandit - Turburn - Turban Myth - Turban Legend
63.9%
Aves
Minor Byrde - Major Byrde - Firebyrde - Thunderbyrde
63.5%
Dracones
Draggle - Dragette - Dragamuffin - Bedraggle
63.5%
Mortui
Bonehead - Bone Ranger - Bone Brigadier - Bone Baron
62%
Automata
Monolith - Megalith - Paleolith - Neolith
61.5%
Aves
Whambat - Wishing Whambat - Whampire Bat - Captain Whamtastic
60.1%
Mortui
Wisp - Ghost Wisperer - Kill-o'-the-Wisp - Wispula
60.1%
Flora
Lumberwood - Limberwood - Umberwood - Wildwood
59.6%
Aquatica
Hooray - Hip-Hooray - Grimray - Springray
59.1%
Daemonia
Ice Maiden - Ice Queen - Eldritch Empress - Sinister Sovereign
59.1%
Bestiae
Clubber Cub - Lubber Cub - Adamantiger - Elegantiger
58.7%
Aquatica
Danglerfish - Stranglerfish - Manglerfish - Spanglerfish
58.7%
Minima
Rabbot - Jackrabbot - Whackrabbot - Hackrabbot
58.7%
Automata
Sprog Cog - Hot Cog - Supercogductor - Cogdenser
58.2%
Nymphae
Lagoon Naiad - Sea Naiad - Lesser Spotted Naiad - Greater Naiad
58.2%
Nymphae
Potty - Jackpotty - Crackpot - Hotpot
57.7%
Bestiae
Jabber - Stabber - Stabberwocky - Jabberguppy
57.2%
Dracones
Dinoceros - Destroceros - Demoliceros - Catastroceros
57.2%
Milites
Hog-Goblin - Gobfather - Gobspeed - Gobforsaken
56.7%
Bestiae
Sore Boar - Crashing Boar - Hyperboar - Full Boar
56.7%
Bestiae
Sasquish - Sasquash - Papa Sasquash - Mama Sasquash
56.7%
Bestiae
Inphant - Psychophant - Triumphant - Hierophant
56.3%
Vermes
Incy - Wincy - Web Master - Weaver Diva
56.3%
Genus
Familiar
% Correct
Arcana
Auroralynx - Umbralynx - Astralynx - Dualynx
56.3%
Minima
Tyke - Spike Tyke - Psych Tyke - Pike Tyke
55.8%
Minima
Small Fry - Deep Fry - Firefry - Flash Fry
55.8%
Vermes
Worker Bumbler - Drone Bumbler - Soldier Bumbler - Queen Bumbler
55.3%
Vermes
Sillymander - Slamander - Pyromander - Petramander
55.3%
Aquatica
Splisher - Splasher - Snapper - Snipper
54.3%
Automata
Clinketyclank - Clinketyclank Mk. 2 - Clinketyclank LX - Clinketyclank DX
53.4%
Flora
Napcap - Duncecap - Madcap - Nightcap
53.4%
Dracones
Naja - Najalisk - Mahanaja - Najapatra
53.4%
Dracones
Teeny Bopper - Big Bopper - Duck-Billed Bopper - Unibopper
53.4%
Aquatica
Sparkee - Wattee - Acee - Deecee
52.4%
Bestiae
Rhinosaur - Rhinosnore - Rhinobore - Rhinosaw
51.9%
Bestiae
Baatender - Baabarian - Baabie - Baarndancer
51.9%
Daemonia
Boggly-Boo - Bigger-Boggle - Hoggle-Boggle - Moggle-Boggle
51.9%
Mortui
Bougie - Boo-Bougie - Bougie-Woogie - Bougieman
51.9%
Nymphae
Airhead - Beachhead - Fountainhead - Thunderhead
51.4%
Daemonia
Lightshade - Sunshade - Starshade - Nightshade
51%
Mortui
Eggroll - Scrambled Eggroll - Humpty Bumpty - Eggyptian
51%
Aves
Crowhawk - Mohawk - Prohawk - Snowhawk
50.5%
Flora
Bubbud - Sponge Bubbud - Lotus Bubbud - Tropical Bubbud
50.5%
Vermes
Whippersnapper - Trapper Snapper - Snaptrap - Claptrap
50.5%
Minima
Floret - Flummox Floret - Horrid Floret - Florid Floret
50%
Dracones
Sapdragon - Flapdragon - Scrapdragon - Napdragon
50%
Aquatica
Taddlywink - Tadolescent - Tadabout - Tadorable
49%
Dracones
Plessie - Messy Plessie - Stressy Plessie - Blessy Plessie
48.6%
Daemonia
Relixx - Electrixx - Medixx - Angelixx
48.6%
Arcana
Hullaballoon - Balloonatic - Hot-Air Balloonatic - Water Balloonatic
48.1%
Arcana
Pom Pom - Pond Pom - Pompeii - Pomagranite
47.6%
Aves
Sleepeafowl - Hippeafowl - Grumpeafowl - Wimpeafowl
47.1%
Aves
Tu-Whit - Tu-Whoo - Sharp-Hooter - Hooting-Star
46.2%
Daemonia
Shrimpaler - Impaler - Grimpaler - Hymnpaler
46.2%
Automata
Fuddy-Daddy - Big Daddy - Grand-Daddy - Baddy-Daddy
45.7%
Nobilia
Mandragorer - Pandoragorer - Mendragorer - Tundragorer
45.7%
Aves
Fightingale - Knightingale - Paladin Partridge - Bushido Bantam
45.2%
Minima
Dinkey - Turnkey - Master Key - Don Key
39.9%
Minima
Spitoo - Spitooligan - Lickety-Spitoo - Sniper Spitoo
39.9%
Minima
Idler - Wild Idler - All-Seeing Idler - Evil Idler
35.6%
Arcana
Kipper - Red Napper - Sweet Bream - Siestar Fish
27.4%
Quiz Playlist
Details
Report
Send in Message
Add To Playlist
More Info:
Had to group the familiars together by family since there are 308 total familiars and the max answers allowed on Sporcle is 300
Classic:
Type in answers that appear in a list
Quiz Source
Last Updated: Feb 16, 2017
Quiz Scoreboard
CHALLENGE
Sign Up to Join the Scoreboard
Show All
Scores
Hide
Comments
May contain spoilers
Recently Published
Decade Duel: World Leaders
by jenniferyan
History
4m
Alphabetical 'K' Countries by Flag Minefield
by ylime102
Geography
3m
Pick 6: Fruits
by JohnFran
Miscellaneous
15s
More to Explore
Quiz From the Vault
Featured Blog Post
15 Basketball Trivia Facts You Can Be March Mad About
hide this ad
You Might Also Like...
Tags
Video Games Quiz
familiar
rpg
Today's Top Quizzes in Gaming
Browse Gaming
hide this ad
Today's Top Quizzes in Video Games
Browse Video Games
Top Contributed Quizzes in Gaming
1
Pokémon Gen IV Logic Puzzle (HARD)
2
HARD Pokemon Logic Puzzle
3
Genshin Impact Logic Puzzle
4
Honkai: Star Rail Technique Names Quiz
5
Rainbow Six Siege Operators by Picture
6
Order Genshin Impact characters by release date!
7
The Slinky Quiz
8
Magic: the Gathering Set Symbols - LCI
9
Mega Man or Metal Gear
10
Honkai Star Rail Feet v1.6
Explore More
Trending Topics
Harry Potter
Marvel
Kpop
Anime
NBA
Crossword
Disney
The Office
Soccer
Song
NFL
Puzzle
Pokémon
Country
WWE
hide this ad
More By:
russman10987
Quiz
Plays
Rating
Category
Featured
Created
IGN's Top 100 RPGs of All Time
6,299
4.45
Gaming
Sep 18, 2012
Soul Calibur Series Characters
2,020
4.00
Gaming
Jan 24, 2010
US Soccer Players with 10 Caps or More
1,242
5.00
Sports
Mar 23, 2011
IGN's top 25 Playstation 2 Games
1,172
4.40
Gaming
Jan 19, 2010
US Soccer All Time Goal Scorers
817
5.00
Sports
Mar 14, 2011
Go to Creator's Profile
Score Distribution
Quiz Creator Spotlight
russman10987
Follow
Send a Message
Quizzes Created
-
Created Quiz Play Count
-
More By This Creator
Popular Quizzes Today
1
Countries of Asia Without Outlines Minefield
2
Find the US States - No Outlines Minefield
3
Pick 6: Fruits
4
The Countries of the World
5
Alphabetical 'K' Countries by Flag Minefield
6
Find the Countries of Europe - No Outlines Minefield
7
US States
8
Find the US States
More Gaming Quizzes
BTD6 Monkeys!
Quiz Lab
Trending Quizzes
Pick 6: Mountains
Pick 6: Harry Potter
Pick 6: Flags
Pick 6: NFL Teams
Pick 6: Movie Franchises
Recently Updated
Adaptations: Name the Title
pecheneg
NWSL Teams
pecheneg
Women's Final Four Teams by Year
bhenderson79
Presidents Quartet II
eogle
Anything But Clue(do)
eogle
Anything But Oceanian Capitals
eogle
Anything But 7
eogle
Anything But Thing
eogle
Word Ladder: February 29
pecheneg
Song Title Questions
pecheneg
Trending Topics
Anime
Harry Potter
NBA
Kpop
Marvel
Crossword
Disney
NFL
Soccer
WWE
Country
Song
Pokémon
Puzzle
The Office
Your Account Isn't Verified!
In order to create a playlist on Sporcle, you need to verify the email address you used during registration. Go to your
Sporcle Settings
to finish the process.
Report this User
Report this user for behavior that violates our
Community Guidelines
.
Details:
Send Report
Go to the Sporcle.com Mobile Site →
Comments